000 00903nam a2200241 a 4500
001 000023495
005 20200930022247.0
008 101209s1989 mx r 000 0 spa d
020 _a9686677232
040 _aDO-SdBNP
_bspa
_cBNPHU
041 1 7 _aspa
_heng
_2Código de idioma MARC
082 _a070.41
_bP729e
100 1 _aPlotnik, Arthur
_948417
240 1 0 _aThe elements of editing.
_lEspañol.
245 1 0 _aLos elementos de la edición :
_buna guía moderna para editores y periodistas /
_cArthur Plotnik ; traducción Guadalupe Meza Staines de Gárate.
260 _aMéxico, D.F. :
_bPubligrafics,
_c1989.
300 _a194, [1] p. ;
_c22 cm.
534 _aTítulo original :
_tThe elements of editing
500 _aIncluye referencias bibliográficas y notas al pie de la páginas
650 4 _aEdición
_97842
700 1 _aStaines de Gárate, Guadalupe Meza
_etr.
_948418
049 _aBNGR
999 _c22991
_d22991